00561nam a2200193Ia 450000500170000000800410001702000260005804000190008404100120010308200160011510000200013124500910015126000460024230000140028850400190030265000150032165100210033685000100035720221012130049.0140110s9999 xx 000 0 und d a9781905211203cRs 750 aLoreto College aEnglish a155.24bSEN aSenge, Peter M. 4aThe fifth disciplinebThe art and practice of the learning organizationcPeter M.Senge aLondonbRandom House Business Booksc2006 axvi,445p  aIncludes index aManagement aSelf-Improvement aLCLIB